[Event "7th Georgiev - Kesarovski Mem"]
[Site "Sunny Beach BUL"]
[Date "2008.09.10"]
[Round "3"]
[White "Bonev,T"]
[Black "Kozhuharov,S"]
[Result "0-1"]
[WhiteElo "2272"]
[BlackElo "2412"]

1.e4 c5 2.Nf3 d6 3.d4 Nf6 4.Nc3 cxd4 5.Nxd4 Nc6 6.Bg5 e6 7.Qd2 a6 8.O-O-O Bd7
9.f4 b5 10.Bxf6 gxf6 11.Kb1 Qb6 12.Nxc6 Bxc6 13.Qe1 Ra7 14.f5 Qc5 15.Ne2 Bxe4
16.Nd4 Qe5 17.Qa5 Qc5 18.Bd3 Bd5 19.fxe6 fxe6 20.Rhe1 Kf7 21.Be4 Bxe4 22.Rxe4 e5
23.Nf5 d5 24.Re2 Bg7 25.Qe1 Re8 26.Qg3 Kg8 27.Qb3 Rd7 28.Red2 Red8 29.Rxd5 Rxd5
30.Rxd5 Rxd5 31.Qxd5+ Qxd5 32.Ne7+ Kf7 33.Nxd5 h5 34.Kc1 f5 35.Kd2 e4 36.c3 Be5
37.h3 f4 38.c4 Ke6 39.Nc3 e3+ 40.Kd3 Bxc3 41.bxc3 bxc4+ 42.Ke2 Kf5 43.Ke1 Ke4
44.Ke2 h4 45.a4 a5  0-1

[Event "I Liga Seniorow"]
[Site "Ustron POL"]
[Date "2008.09.13"]
[Round "8"]
[White "Magnucka,M"]
[Black "Kulon,K"]
[Result "0-1"]
[WhiteElo "2080"]
[BlackElo "2217"]

1.e4 c5 2.Nf3 d6 3.d4 cxd4 4.Nxd4 Nf6 5.Nc3 Nc6 6.Bg5 e6 7.Qd2 a6 8.O-O-O Bd7
9.f4 b5 10.Nxc6 Bxc6 11.Bd3 b4 12.Bxf6 gxf6 13.Ne2 Qb6 14.Ng3 Qc5 15.Be2 h5
16.h4 a5 17.Kb1 Ke7 18.Bxh5 Rc8 19.Bf3 Bb5 20.Ne2 a4 21.Nd4 Bd7 22.h5 Bh6
23.g3 Rc7 24.Rh2 Rhc8 25.Bh1 Rg8 26.Qd3 a3 27.b3 Qb6 28.c4 bxc3 29.Kc2 Rc5
30.Qe3 Qc7 31.Rd3 Qa5 32.Qe2 Bc8 33.Qd1 Ba6 34.Re3 Qb6 35.Bg2 Rc4 36.Rd3 Rb4
37.Nf3 Bxd3+ 38.Kxd3 Rxg3 39.Qe2 Qg1 40.Kc2 Qa1 41.Kd3 Rd4+  0-1

[Event "4th ch-EU"]
[Site "Liverpool ENG"]
[Date "2008.09.14"]
[Round "6"]
[White "Berg,E"]
[Black "Abergel,T"]
[Result "1/2-1/2"]
[WhiteElo "2592"]
[BlackElo "2499"]

1.e4 c5 2.Nf3 d6 3.d4 cxd4 4.Nxd4 Nf6 5.Nc3 Nc6 6.Bg5 e6 7.Qd2 a6 8.O-O-O Nxd4
9.Qxd4 Be7 10.f3 b5 11.Kb1 Bb7 12.h4 Qc7 13.Qd2 Rc8 14.Bd3 h6 15.Be3 d5 16.e5 Nd7
17.f4 Nc5 18.Bd4 b4 19.Ne2 Ne4 20.Qe3 O-O 21.Ng3 Nxg3 22.Qxg3 Bc5 23.f5 exf5
24.Bxf5 Rce8 25.Rhe1 Re7 26.Qe3 Bxd4 27.Qxd4 a5 28.Re3 Rfe8 29.Rde1 Qc4 30.Qxc4 dxc4
31.Be4  1/2-1/2

[Event "I Liga Seniorow"]
[Site "Ustron POL"]
[Date "2008.09.14"]
[Round "9"]
[White "Murawski,G"]
[Black "Markiewicz,Je"]
[Result "0-1"]
[WhiteElo "2304"]
[BlackElo "2301"]

1.e4 c5 2.Nf3 d6 3.d4 cxd4 4.Nxd4 Nf6 5.Nc3 Nc6 6.Bg5 h6 7.Bxf6 gxf6 8.Qd2 Qb6
9.Nb3 f5 10.Nd5 Qd8 11.exf5 Bxf5 12.O-O-O Bg7 13.Bd3 Bxd3 14.Qxd3 e6 15.Nc3 d5
16.Kb1 O-O 17.f4 a5 18.a4 Qf6 19.Rdf1 Nb4 20.Qe2 Rfc8 21.Rf3 b5 22.Rc1 bxa4
23.Nxa4 Rc4 24.f5 Na2 25.fxe6 Nxc1 26.exf7+ Qxf7 27.Nxc1 Qe8 28.Qxe8+ Rxe8
29.b3 Rb8 30.Nb2 Rg4 31.g3 a4 32.Nbd3 axb3 33.Nxb3 Re4 34.Kc1 Re2 35.Nf4 Rxh2
36.Nxd5 Re8 37.Nf6+ Bxf6 38.Rxf6 Re3 39.g4 Rg3 40.Nd4 Rxg4 41.Nf5 Rc4 42.Rxh6 Rcxc2+
43.Kb1 Rb2+ 44.Ka1 Ra2+ 45.Kb1 Rhb2+ 46.Kc1 Rf2  0-1

[Event "I Liga Seniorow"]
[Site "Ustron POL"]
[Date "2008.09.14"]
[Round "9"]
[White "Kulon,K"]
[Black "Kucypera,M"]
[Result "1-0"]
[WhiteElo "2217"]
[BlackElo "2081"]

1.e4 c5 2.Nf3 d6 3.d4 cxd4 4.Nxd4 Nf6 5.Nc3 Nc6 6.Bg5 Qb6 7.Nb3 e6 8.Qd2 Be7
9.O-O-O O-O 10.f3 a6 11.g4 Qc7 12.Be3 b5 13.g5 Nd7 14.Qf2 b4 15.Ne2 a5 16.Kb1 a4
17.Nbd4 b3 18.cxb3 axb3 19.Nxb3 Rxa2 20.Kxa2 Nb4+ 21.Ka1 Qc2 22.Nec1 Qxd1
23.Kb1 Ba6 24.Qg2 Nd3 25.Be2 Ne1 26.Rxe1 Qxe1 27.Bd2 Qh4 28.Bxa6 d5 29.exd5 Bd6
30.dxe6 fxe6 31.Qe2 Nc5 32.Nxc5 Bxc5 33.Qxe6+ Kh8 34.Bc3 Qxg5 35.Bd3 Qh5
36.Be4 Qxh2 37.Qg4 Qh6 38.Nd3 Be3 39.Ne5 Qd6 40.Bc2 Qa6 41.Bd3 Qa7 42.Qh3 Bh6
43.Ng6+  1-0

[Event "4th Pichay Cup"]
[Site "Manila PHI"]
[Date "2008.09.15"]
[Round "2"]
[White "Goh Weiming"]
[Black "Li Shilong"]
[Result "0-1"]
[WhiteElo "2403"]
[BlackElo "2511"]

1.e4 c5 2.Nf3 d6 3.d4 cxd4 4.Nxd4 Nf6 5.Nc3 Nc6 6.Bg5 e6 7.Qd2 a6 8.O-O-O Bd7
9.f4 Be7 10.Nf3 b5 11.Bxf6 gxf6 12.g3 Qb6 13.Bh3 Na5 14.Nd4 b4 15.Nce2 Rc8
16.Kb1 Nc4 17.Qe1 a5 18.Rd3 a4 19.Qf2 O-O 20.Qf3 Kh8 21.Re1 Rc5 22.Nc1 Rfc8
23.Rdd1 Na3+ 24.bxa3 Rc3 25.Re3 bxa3+ 26.Ncb3 axb3 27.axb3 a2+ 28.Ka1 R3c5
29.Re2 f5 30.e5 dxe5 31.fxe5 Rd5 32.c3 Qc7 33.Qe3 f6 34.exf6 Bxf6 35.Rd3 Qd6
36.Bg2 Rxc3 37.Rxc3 Bxd4 38.Qd3 Bb5  0-1

[Event "4th ch-EU"]
[Site "Liverpool ENG"]
[Date "2008.09.16"]
[Round "8"]
[White "Luther,T"]
[Black "Abergel,T"]
[Result "1/2-1/2"]
[WhiteElo "2570"]
[BlackElo "2499"]

1.e4 c5 2.Nf3 d6 3.d4 cxd4 4.Nxd4 Nf6 5.Nc3 Nc6 6.Bg5 e6 7.Qd2 a6 8.O-O-O Nxd4
9.Qxd4 Be7 10.h4 h6 11.Bxf6 gxf6 12.f4 Qc7 13.Be2 Bd7 14.Bh5 Rf8 15.f5 O-O-O
16.g4 Kb8 17.Kb1 Rc8 18.Rh3 Bc6 19.Qd2 d5 20.exd5 exd5 21.Rd3 Bb4 22.a3 Ba5
23.b4 Bb6 24.Nxd5 Bxd5 25.Rxd5 Qg3 26.Rd3 Qxh4 27.Rd7 Rfd8 28.Rxd8 Rxd8 29.Qf4+ Ka7
30.Rxd8 Qe1+ 31.Ka2 Bxd8 32.Bxf7 Qc3 33.Qc4 Qxc4+ 34.Bxc4 a5 35.Kb3 axb4
36.axb4 Kb6 37.Bf1 Bc7 38.Kc4 Bf4 39.Kd5 Kc7 40.Ke6 Bg5  1/2-1/2

[Event "II ROMGAZ Open"]
[Site "Bucharest ROU"]
[Date "2008.09.17"]
[Round "7"]
[White "Zubarev,Al1"]
[Black "Lupulescu,C"]
[Result "1/2-1/2"]
[WhiteElo "2517"]
[BlackElo "2589"]

1.e4 c5 2.Nf3 d6 3.d4 cxd4 4.Nxd4 Nf6 5.Nc3 Nc6 6.Bg5 e6 7.Qd2 a6 8.O-O-O Bd7
9.f3 Be7 10.Kb1 Qc7 11.Be3 h5 12.Bd3 Nxd4 13.Bxd4 b5 14.h3 h4 15.f4 b4 16.Ne2 e5
17.Bf2 Qb7 18.fxe5 dxe5 19.Nc1 Bc6 20.Nb3 Nxe4 21.Bxe4 Bxe4 22.Nc5 Bxc5 23.Bxc5 f6
24.Rhe1 Kf7 25.Qd7+ Qxd7 26.Rxd7+ Ke6 27.Rxg7 f5 28.Bxb4 Rhg8 29.Re7+ Kf6
30.Rc7 Rac8 31.Be7+ Ke6 32.Rxc8 Rxc8 33.Bxh4 Bxg2 34.Bg3 Be4 35.Re2 Rg8 36.Bh2 Rh8
37.b3 Rxh3 38.Kb2 Rh4 39.Bg1 Bf3 40.Rh2 Rg4 41.Rh6+ Kf7 42.Ba7 f4 43.Rxa6 e4
44.Ra5 Ke6 45.Ra6+ Kd7 46.Rf6 Ke7 47.Rf5 Ke6 48.Rf8 Bg2 49.a4 e3 50.Bxe3 fxe3
51.Re8+ Kd6 52.Rxe3 Bd5 53.Ka3 Rf4 54.c3 Rf3 55.Rxf3 Bxf3 56.Kb4 Bd1 57.c4 Kc6
58.a5 Kb7 59.Kc3 Ka6 60.b4 Bh5 61.Kd4 Bf7 62.c5 Be8 63.Kd5 Kb7 64.Kd6 Bb5
65.Kd5  1/2-1/2

[Event "II ROMGAZ Open"]
[Site "Bucharest ROU"]
[Date "2008.09.17"]
[Round "7"]
[White "Mamedov,Nid"]
[Black "Shishkin,Va UKR"]
[Result "1-0"]
[WhiteElo "2564"]
[BlackElo "2506"]

1.e4 c5 2.Nf3 Nc6 3.d4 cxd4 4.Nxd4 Nf6 5.Nc3 d6 6.Bg5 e6 7.Qd2 a6 8.O-O-O Nxd4
9.Qxd4 Be7 10.Bc4 Bd7 11.f4 Qa5 12.e5 dxe5 13.fxe5 Bc6 14.Qf4 Nd7 15.Bxe7 Kxe7
16.Qg5+ Kf8 17.Rhf1 Re8 18.Ne4 Re7 19.Nd6 f6 20.Rxf6+ gxf6 21.Qh6+ Rg7 22.Nf5 Rg8
23.Bxe6 Qxe5 24.Bxd7 Be4 25.Re1 Kf7 26.Rxe4  1-0

[Event "EYb12"]
[Site "Herceg Novi MNE"]
[Date "2008.09.17"]
[Round "3"]
[White "Santos Latasa,J"]
[Black "Zaynutdinov,I"]
[Result "1-0"]
[WhiteElo "2052"]
[BlackElo "1851"]

1.e4 c5 2.Nf3 Nc6 3.d4 cxd4 4.Nxd4 Nf6 5.Nc3 d6 6.Bg5 e6 7.Qd2 a6 8.O-O-O Bd7
9.f3 b5 10.Nxc6 Bxc6 11.Ne2 Rb8 12.Nd4 Bd7 13.Be3 Qc7 14.Kb1 d5 15.e5 Ng8
16.f4 Ne7 17.Bd3 Nc6 18.g4 Nxd4 19.Bxd4 Bc5 20.Bxc5 Qxc5 21.f5 b4 22.Qg5 g6
23.Rhf1 Qe7 24.Qxe7+ Kxe7 25.f6+ Kd8 26.Bxa6 Ra8 27.Be2 Kc7 28.Rd4 Rhb8 29.g5 Ra5
30.b3 Rba8 31.a4 bxa3 32.Ka2 h6 33.b4 R5a7 34.gxh6 Rh8 35.Rh4 Ba4 36.Rf3 Bxc2
37.Rc3+ Kd7 38.Bb5+ Kd8 39.Rxc2 Ra8 40.h7 Rb8 41.Ba6 g5 42.Rh5 Kd7 43.b5 Kd8
44.b6 Kd7 45.b7 Kd8 46.Rc8+ Kd7 47.Kxa3 d4 48.Rxb8 Rxb8 49.h8=Q Rxh8 50.Rxh8  1-0

[Event "58th ch-HUN KO"]
[Site "Nyiregyhaza HUN"]
[Date "2008.09.17"]
[Round "2.4"]
[White "Sax,G"]
[Black "Balogh,C"]
[Result "1/2-1/2"]
[WhiteElo "2506"]
[BlackElo "2624"]

1.e4 c5 2.Nf3 d6 3.d4 cxd4 4.Nxd4 Nf6 5.Nc3 Nc6 6.Bg5 e6 7.Qd2 Be7 8.O-O-O O-O
9.f3 Nxd4 10.Qxd4 a6 11.h4 b5 12.g4 Bb7 13.Kb1 Qc7 14.Be3 b4 15.Na4 Rac8
16.Bd3 d5 17.exd5 Nxd5 18.Bg5  1/2-1/2

[Event "IV Geller Memorial"]
[Site "Odessa UKR"]
[Date "2008.09.17"]
[Round "9"]
[White "Rymskyy,A"]
[Black "Molnar,P SVK"]
[Result "0-1"]
[WhiteElo "2151"]
[BlackElo "2306"]

1.e4 c5 2.Nf3 d6 3.d4 cxd4 4.Nxd4 Nf6 5.Nc3 Nc6 6.Bg5 e6 7.Qd2 a6 8.O-O-O h6
9.Bh4 Nxe4 10.Qf4 Ng5 11.Nxc6 bxc6 12.Qa4 Qc7 13.f4 Nh7 14.Ne4 Bd7 15.Qd4 d5
16.Nc3 Rb8 17.Bxa6 Rb4 18.Qd2 Bd6 19.g3 Qb6 20.Bd3 Rxb2 21.Bxh7 Ba3 22.Qe2 Rxh7
23.f5 Rb4+ 24.Kd2 Rd4+ 25.Ke1 Bb4 26.Qf3 Rxd1+ 27.Kxd1 Qd4+ 28.Ke2 Qxc3 29.Qxc3 Bxc3
30.Rb1 f6 31.Rb8+ Ke7  0-1

[Event "IV Geller Memorial"]
[Site "Odessa UKR"]
[Date "2008.09.17"]
[Round "9"]
[White "Stets,D"]
[Black "Kurayan,R"]
[Result "1-0"]
[WhiteElo "2420"]
[BlackElo "2155"]

1.e4 c5 2.Nf3 d6 3.d4 cxd4 4.Nxd4 Nf6 5.Nc3 Nc6 6.Bg5 e6 7.Qd2 Be7 8.O-O-O a6
9.f3 Bd7 10.h4 h6 11.Be3 b5 12.Nxc6 Bxc6 13.Ne2 d5 14.Qe1 Qc7 15.e5 Qxe5
16.Bf4 Qf5 17.g4 Qh7 18.Nd4 Bb7 19.Bd3 Qg8 20.Qe2 g5 21.hxg5 hxg5 22.Be5 Kf8
23.Rxh8 Qxh8 24.Qg2 Rc8 25.Rh1 Qg7 26.f4 gxf4 27.g5 Qg8 28.g6 Rc4 29.Qg5 Qg7
30.Rh7 Qxg6 31.Bxg6  1-0

[Event "EYb18"]
[Site "Herceg Novi MNE"]
[Date "2008.09.18"]
[Round "4"]
[White "Narmontas,M"]
[Black "Nabaty,T"]
[Result "1/2-1/2"]
[WhiteElo "2369"]
[BlackElo "2431"]

1.e4 c5 2.Nf3 d6 3.d4 Nf6 4.Nc3 cxd4 5.Nxd4 Nc6 6.Bg5 g6 7.Bxf6 exf6 8.Bc4 Bg7
9.Ndb5 O-O 10.Qxd6 f5 11.O-O-O Qb6 12.Nd5 Qxf2 13.Nf6+ Kh8 14.Nc7 Rb8 15.Nfe8 Qe3+
16.Kb1 Qxe4 17.Nxg7 Kxg7 18.Rhe1 Qxc4 19.Ne8+ Rxe8 20.Rxe8 Be6 21.Qf8+ Kf6
22.Rxb8 Qxa2+ 23.Kc1 Nxb8 24.Qxb8 Qa1+ 25.Kd2 Qa5+ 26.Kc1 Qa1+ 27.Kd2 Qa5+
28.Kc1 Qa1+  1/2-1/2

[Event "EYg14"]
[Site "Herceg Novi MNE"]
[Date "2008.09.18"]
[Round "4"]
[White "Efroimski,M"]
[Black "Jalabadze,N"]
[Result "1/2-1/2"]
[WhiteElo "2091"]
[BlackElo "2018"]

1.e4 c5 2.Nf3 d6 3.d4 cxd4 4.Nxd4 Nf6 5.Nc3 Nc6 6.Bg5 e6 7.Qd2 Be7 8.O-O-O O-O
9.Nb3 Qb6 10.f3 Rd8 11.Nb5 Rd7 12.h4 d5 13.Qe1 dxe4 14.Rxd7 Bxd7 15.fxe4 a6
16.Nc3 Ng4 17.Rh3 Qg1 18.Nd2 Qf2 19.Qxf2 Nxf2 20.Rg3 Bd6 21.Rf3 Bc5 22.Nc4 Ba7
23.Be3 Ng4 24.Bxa7 Nxa7 25.Nb6 Rd8 26.Nxd7 Rxd7 27.Rd3 Ne5 28.Rxd7 Nxd7 29.b4 Kf8  1/2-1/2

[Event "II ROMGAZ Open"]
[Site "Bucharest ROU"]
[Date "2008.09.19"]
[Round "9"]
[White "Bachmann,Ax"]
[Black "Lupulescu,C"]
[Result "0-1"]
[WhiteElo "2511"]
[BlackElo "2589"]

1.e4 c5 2.Nf3 Nc6 3.d4 cxd4 4.Nxd4 Nf6 5.Nc3 d6 6.Bg5 e6 7.Qd2 a6 8.O-O-O Bd7
9.Kb1 Be7 10.f3 Qc7 11.Nxc6 Bxc6 12.Bd3 b5 13.Rhe1 O-O 14.Ne2 Rfc8 15.g4 b4
16.Nd4 Bb7 17.h4 a5 18.Nb5 Qc6 19.e5 dxe5 20.Bxf6 Bxf6 21.Nd6 Rd8 22.Nxb7 Qxb7
23.g5 Be7 24.h5 b3 25.axb3 a4 26.bxa4 Rxa4 27.Be4 Qb6 28.Qc3 Rb8 29.b3 Bxg5
30.Rd7 Rd4 31.Rd1 f5 32.f4 Rxd1+ 33.Rxd1 exf4 34.Bf3 Bf6 35.Qc4 Qa5 36.Qxe6+ Kh8
37.Kc1 Bc3  0-1

[Event "5th Highlands Open A"]
[Site "Zdar nad Sazavou CZE"]
[Date "2008.09.23"]
[Round "4"]
[White "Pecha,T"]
[Black "Ponizil,C"]
[Result "0-1"]
[WhiteElo "2096"]
[BlackElo "2284"]

1.e4 c5 2.Nf3 Nc6 3.d4 cxd4 4.Nxd4 Nf6 5.Nc3 d6 6.Bg5 Bd7 7.Be2 e6 8.h4 a6
9.a4 Be7 10.Nb3 Na5 11.Qd4 Nxb3 12.cxb3 Rc8 13.Rd1 Bc6 14.b4 h6 15.Be3 O-O
16.b5 e5 17.Qd3 axb5 18.axb5 Bd7 19.g3 Be6 20.f3 Bb3 21.Rd2 d5 22.exd5 Bb4
23.d6 Qa5 24.Kf2 Bxc3 25.bxc3 Rxc3 26.Qf5 Rxe3  0-1

[Event "Zvenigorodskaya Open A"]
[Site "Zvenigorod RUS"]
[Date "2008.09.26"]
[Round "2"]
[White "Demianjuk,A"]
[Black "Ogloblin,N"]
[Result "0-1"]
[WhiteElo "2317"]
[BlackElo "2416"]

1.e4 c5 2.Nf3 d6 3.d4 cxd4 4.Nxd4 Nf6 5.Nc3 Nc6 6.Bg5 Bd7 7.Qd2 Rc8 8.O-O-O Nxd4
9.Qxd4 Qa5 10.Bd2 a6 11.Kb1 Qc5 12.Qxc5 Rxc5 13.f3 g6 14.Be3 Rc8 15.Bd4 Bg7
16.Nd5 Nh5 17.Nb6 Rc7 18.Nxd7 Bxd4 19.Rxd4 Rxd7 20.Bc4 Rc7 21.Bb3 O-O 22.g3 Nf6
23.c3 Nd7 24.f4 Nc5 25.Bc2 Kg7 26.Re1 Ne6 27.Rd5 f6 28.h4 Rfc8 29.Bd1 Nc5
30.Re3 Kf7 31.Rd2 Rc6 32.h5 Kg7 33.Rh2 Rd8 34.g4 Rh8 35.g5 fxg5 36.fxg5 gxh5
37.Rxh5 Ne6 38.e5 d5 39.Ba4 Rc7 40.Rf3 Rf8 41.Rxf8 Nxf8 42.Rh6 e6 43.Rf6 Re7
44.Bc2 Nd7 45.Rh6 Kg8 46.g6 hxg6 47.Rxg6+ Kf8 48.Bd1 Nxe5 49.Rg1 Nc6 50.Re1 Ke8
51.Ba4 Kd7 52.Bxc6+ Kxc6 53.Kc2 e5 54.b4 Kd6 55.Rh1 e4 56.Kd2 Rf7 57.Rh3 Ke5
58.Ke3 b5 59.Rh5+ Rf5 60.Rh6 Rf3+ 61.Kd2 Rf6 62.Rh5+ Rf5 63.Rh6 Kf4 64.Ke2 Rg5
65.Rf6+ Ke5 66.Rxa6 Rg2+ 67.Ke3 Rc2 68.a4 bxa4 69.Rxa4 Rxc3+ 70.Kd2 d4 71.Ra8 e3+
72.Ke2 Rc2+ 73.Kd3 Rd2+ 74.Kc4 e2 75.Re8+ Kd6 76.b5 d3 77.b6 Kc6 78.Re6+ Kb7
79.Kc5 Rc2+ 80.Kb5 d2  0-1

[Event "Zvenigorodskaya Open A"]
[Site "Zvenigorod RUS"]
[Date "2008.09.26"]
[Round "2"]
[White "Vorobiov,E"]
[Black "Golovin,Leo"]
[Result "1/2-1/2"]
[WhiteElo "2550"]
[BlackElo "2457"]

1.e4 c5 2.Nf3 d6 3.d4 cxd4 4.Nxd4 Nf6 5.Nc3 Nc6 6.Bg5 e6 7.Qd2 Be7 8.O-O-O O-O
9.f4 h6 10.Bh4 e5 11.Nf5 Bxf5 12.exf5 Qa5 13.Kb1 Rfe8 14.g4 exf4 15.Qxf4 d5
16.Bxf6 Bxf6 17.Nxd5 Be5 18.Qd2 Qc5 19.Bg2 Rad8 20.g5 hxg5 21.Qxg5 Nb4 22.Qd2 Nxd5
23.Bxd5 Bf6 24.Qg2 b5 25.h4 Rd6 26.Rd3 Rd7 27.Rhd1  1/2-1/2

[Event "TCh-NED 2008-9"]
[Site "Netherlands NED"]
[Date "2008.09.27"]
[Round "1"]
[White "Kleijn,C"]
[Black "Van der Heijden,T"]
[Result "1-0"]
[WhiteElo "2238"]
[BlackElo "2245"]

1.e4 c5 2.Nf3 d6 3.Nc3 Nc6 4.d4 cxd4 5.Nxd4 Nf6 6.Bg5 e6 7.Qd2 Nxd4 8.Qxd4 Bd7
9.O-O-O Qa5 10.f4 Be7 11.e5 dxe5 12.fxe5 O-O-O 13.Qf4 Nd5 14.Nxd5 Bxg5 15.Qxg5 exd5
16.Kb1 g6 17.Be2 h5 18.Rd4 Bf5 19.Bd3 Bxd3 20.Rxd3 Rhe8 21.Qf4 Rd7 22.Rhd1 d4
23.Rxd4 Rxd4 24.Qxd4 Rd8 25.Qc4+ Qc7 26.Rxd8+ Kxd8 27.Qd5+ Ke7 28.c4 b6 29.b4 Qd7
30.Kb2 b5 31.Qxd7+ Kxd7 32.cxb5 Ke6 33.a4 Kxe5 34.a5 Kd6 35.Kc3 h4 36.Kd4 h3
37.gxh3 f5 38.h4 Kc7 39.Ke5  1-0

[Event "Zvenigorodskaya Open A"]
[Site "Zvenigorod RUS"]
[Date "2008.09.27"]
[Round "4"]
[White "Frolyanov,D"]
[Black "Golovin,Leo"]
[Result "1/2-1/2"]
[WhiteElo "2567"]
[BlackElo "2457"]

1.e4 c5 2.Nf3 d6 3.d4 cxd4 4.Nxd4 Nf6 5.Nc3 Nc6 6.Bg5 e6 7.Qd2 Be7 8.O-O-O O-O
9.f4 h6 10.Bh4 e5 11.Nf5 Bxf5 12.exf5 Qa5 13.Kb1 Rad8 14.Bxf6 Bxf6 15.Nd5 Qxd2
16.Nxf6+ gxf6 17.Rxd2 Rfe8 18.Be2 d5 19.Rhd1 d4 20.c3 exf4 21.cxd4 Rxd4 22.Bf3 Rxd2
23.Rxd2 Re7 24.a3 Ne5 25.Bd1 Nc4 26.Rd8+ Kg7 27.Bf3 Re1+ 28.Ka2 b5 29.Rd4 Rc1
30.Bd1 Ne3 31.Bf3 Nc4 32.Bd1 Ne3 33.Bf3 Nc4  1/2-1/2

[Event "Podillya It"]
[Site "Khmelnitsky UKR"]
[Date "2008.09.28"]
[Round "2"]
[White "Soltanici,R"]
[Black "Lutsko,I"]
[Result "1-0"]
[WhiteElo "2421"]
[BlackElo "2399"]

1.e4 c5 2.Nf3 d6 3.d4 cxd4 4.Nxd4 Nf6 5.Nc3 Nc6 6.Bg5 e6 7.Qd2 a6 8.O-O-O Be7
9.f3 Nxd4 10.Qxd4 b5 11.Bxf6 gxf6 12.f4 Qc7 13.f5 Qc5 14.Qxc5 dxc5 15.fxe6 fxe6
16.a4 b4 17.Nb1 Bf8 18.Nd2 Bh6 19.Kb1 Bxd2 20.Rxd2 Bb7 21.Rd6 Ke7 22.Rb6 Rhb8
23.Bc4 Bc8 24.Rc6 Bd7 25.Rxc5 Rc8 26.Rxc8 Bxc8 27.Re1 Ra7 28.e5 Rc7 29.b3 Rc5
30.exf6+ Kxf6 31.g3 a5 32.c3 bxc3 33.Kc2 Rh5 34.Re2 Rf5 35.Kxc3 Rf3+ 36.Kd4 h5
37.Kc5 h4 38.gxh4 Rf4 39.Kb6 e5 40.Kxa5 e4 41.Kb6 Bg4 42.Re1 Ke5 43.Kc5 Rf2
44.a5 Bf3 45.a6 Kf4 46.Bd5 Ra2 47.Kb6 Ke5 48.Bxe4 Bxe4 49.a7 Kf5 50.Rxe4  1-0

[Event "17th CRO-chT 1b"]
[Site "Sibenik CRO"]
[Date "2008.09.28"]
[Round "2"]
[White "Bosiocic,Mari"]
[Black "Shchekachev,A"]
[Result "1/2-1/2"]
[WhiteElo "2540"]
[BlackElo "2533"]

1.e4 c5 2.Nf3 d6 3.d4 cxd4 4.Nxd4 Nf6 5.Nc3 Nc6 6.Bg5 e6 7.Qd2 a6 8.O-O-O Be7
9.f4 Nxd4 10.Qxd4 b5 11.Bxf6 gxf6 12.Kb1 Qc7 13.f5 Qc5 14.fxe6 fxe6 15.Qd3 Bd7
16.g3 Rc8 17.Bh3 Qh5 18.Bg2 b4 19.Ne2 e5 20.Bf3 Qf7 21.h3 O-O 22.Bg4 f5 23.Bxf5 Bxf5
24.exf5 Qxf5 25.Qb3+ Kh8 26.g4 Qf2 27.Ng3 Rf3 28.Rd3 Rxd3 29.Qxd3 d5 30.Rf1 Qc5
31.Qf5 Qc7 32.Nh5 d4 33.g5 d3 34.Qxd3 Bxg5 35.Rg1 Bh6 36.Qf5 Rf8 37.Qe6 Be3
38.Rd1 Bd4 39.Qxa6 Qf7 40.Ng3 Qf3 41.Rf1 Qa8 42.Qxa8 Rxa8 43.Ne4 Kg7 44.c3 bxc3
45.bxc3 Be3 46.Kb2 Ra4 47.Nd6 Bc5 48.Nb5 Rh4 49.Rh1 Kf6 50.Kb3 e4 51.Kc4 Bb6
52.Nd4 Ke5 53.Rf1  1/2-1/2

[Event "5th Highlands Open A"]
[Site "Zdar nad Sazavou CZE"]
[Date "2008.09.28"]
[Round "9"]
[White "Petr,Ma"]
[Black "Stocek,J"]
[Result "0-1"]
[WhiteElo "2451"]
[BlackElo "2559"]

1.e4 c5 2.Nf3 d6 3.d4 cxd4 4.Nxd4 Nf6 5.Nc3 Nc6 6.Bg5 Bd7 7.Qd2 Rc8 8.O-O-O Nxd4
9.Qxd4 Qa5 10.f4 Rxc3 11.bxc3 e5 12.Qb4 Qxb4 13.cxb4 Nxe4 14.Bh4 g5 15.fxg5 Be7
16.Re1 Bxg5+ 17.Bxg5 Nxg5 18.Bc4 Ke7 19.Rhf1 h5 20.Bd5 Be6 21.c4 Bxd5 22.cxd5 Nh7
23.Rf3 Nf6 24.Rd1 Rg8 25.Rd2 a6 26.Kb2 h4 27.a4 Rg4 28.Kb3 a5 29.bxa5 Ne4
30.Rb2 Nc5+ 31.Ka2 Rxa4+ 32.Ra3 Rg4 33.g3 hxg3 34.hxg3 Rg5 35.Rc3 Rg4 36.Rb6 Ra4+
37.Ra3 Rc4 38.Rxb7+ Nxb7 39.a6 Rc2+ 40.Ka1 Rc8 41.axb7 Rb8 42.Rb3 Kd8 43.Rb6 Kc7
44.Rc6+ Kd7 45.Rb6 f5 46.Ka2 e4 47.Rb1 Kc7 48.Rf1 Rxb7 49.Rxf5 Kb6 50.Rf4 Re7
51.Kb3 Kc5 52.Kc3 Kxd5 53.Rf5+ Re5 54.Rf1 Rg5 55.Rg1 Ke5 56.Kd2 d5 57.Ke2 d4
58.Kf2 Rf5+  0-1

[Event "ch-Commonwealth"]
[Site "Nagpur IND"]
[Date "2008.09.29"]
[Round "2"]
[White "Mehar,C"]
[Black "Venkatesh,M"]
[Result "1/2-1/2"]
[WhiteElo "2240"]
[BlackElo "2462"]

1.e4 c5 2.Nf3 Nc6 3.d4 cxd4 4.Nxd4 Nf6 5.Nc3 d6 6.Bg5 e6 7.Qd2 Qb6 8.Bxf6 gxf6
9.Nb3 a6 10.O-O-O Bd7 11.f4 O-O-O 12.Kb1 Kb8 13.Be2 h5 14.h4 Be7 15.Bf3 Na5
16.Nxa5 Qxa5 17.Ne2 Qb5 18.Qd3 Qc5 19.Qd4 Qa5 20.Qd2 Qc7 21.Rh3 Bc6 22.Nd4 Be8
23.Ne2 Rc8 24.Nd4 Qb6 25.Be2 Rc5 26.Nb3 Rc8 27.Na5 Ba4 28.Nc4 Qc5 29.Rc3 Rhd8
30.Ne3 Qb6 31.Rxc8+ Rxc8 32.Bxh5 d5 33.exd5 Bb4 34.Qd4 Qb5  1/2-1/2

[Event "Zvenigorodskaya Open A"]
[Site "Zvenigorod RUS"]
[Date "2008.09.29"]
[Round "8"]
[White "Turutin,A"]
[Black "Kotsur,P"]
[Result "0-1"]
[WhiteElo "2321"]
[BlackElo "2566"]

1.e4 c5 2.Nf3 d6 3.d4 cxd4 4.Nxd4 Nf6 5.Nc3 Nc6 6.Bg5 e6 7.f4 h6 8.Bh4 Qb6
9.Ndb5 a6 10.e5 dxe5 11.fxe5 Nxe5 12.Bf2 Bc5 13.Bxc5 Qxc5 14.Qd4 Qxd4 15.Nxd4 b6
16.O-O-O Bb7 17.Be2 Ke7 18.Rhe1 Nfd7 19.g3 Rac8 20.Bf1 Rhd8 21.Bh3 g6 22.Re2 Rc4
23.Red2 Rdc8 24.Nb3 R4c7 25.Bf1 Nf6 26.Na4 Ned7 27.Kb1 b5 28.Nc3 Ne4 29.Nxe4 Bxe4
30.Bd3 Bxd3 31.cxd3 Nb6  0-1

[Event "ch-Commonwealth"]
[Site "Nagpur IND"]
[Date "2008.09.30"]
[Round "3"]
[White "Harshal,S"]
[Black "Shashikant,K"]
[Result "0-1"]
[WhiteElo "1706"]
[BlackElo "2340"]

1.e4 c5 2.Nf3 d6 3.d4 cxd4 4.Nxd4 Nf6 5.Nc3 Nc6 6.Bg5 e6 7.Qd2 a6 8.O-O-O Bd7
9.f4 h6 10.Bh4 Nxe4 11.Nxe4 Qxh4 12.Nxc6 Bxc6 13.Nxd6+ Bxd6 14.Qxd6 Rd8 15.Qxd8+ Qxd8
16.Rxd8+ Kxd8 17.Rg1 g5 18.fxg5 hxg5 19.h3 f5 20.Be2 Ke7 21.Kd2 e5 22.Ke3 Rd8
23.Bd1 f4+ 24.Ke2 e4 25.Ke1 e3 26.Bf3 Rd2 27.Bxc6 bxc6 28.c4 Rxb2 29.Rf1 Rb1+
30.Ke2 Rxf1 31.Kxf1 Kd6 32.Ke2 Kc5 33.Kd3 Kb4 34.Ke2 Kxc4 35.a3 Kb3 36.a4 c5
37.a5 c4 38.Kd1 c3 39.Ke2 c2 40.g3 c1=Q 41.gxf4 gxf4 42.Kf3 Qf1+ 43.Ke4 e2
44.Kf5 e1=Q 45.Kg6 Qe6+ 46.Kg7 Qg2+ 47.Kf8 Qgg8+  0-1

[Event "ch-Commonwealth"]
[Site "Nagpur IND"]
[Date "2008.09.30"]
[Round "3"]
[White "Pon,N"]
[Black "Ulhas,V"]
[Result "1-0"]
[WhiteElo "2156"]
[BlackElo "1867"]

1.e4 c5 2.Nf3 Nc6 3.d4 cxd4 4.Nxd4 d6 5.Nc3 Nf6 6.Bg5 a6 7.f4 e6 8.Nxc6 bxc6
9.e5 h6 10.Bh4 g5 11.fxg5 Nd5 12.Nxd5 cxd5 13.Qh5 Be7 14.Bd3 Bxg5 15.O-O Rf8
16.Bg3 Be3+ 17.Kh1 Qg5 18.Qf3 dxe5 19.h4 e4 20.hxg5 exf3 21.g6 fxg2+ 22.Kxg2 f5
23.Rae1 d4 24.Be5 Bb7+ 25.Kh2 Rg8 26.Bxf5 exf5 27.Bxd4 O-O-O 28.Bxe3 Rxg6
29.Rg1 Rdg8 30.Rxg6 Rxg6 31.Rg1 Re6 32.Rg8+ Kd7 33.Rg7+ Kc6 34.Bf4 Ba8 35.Kg3 Kb5
36.Kf2 Be4 37.c3 Bd5 38.b3 Bc6 39.Be3 Be4 40.Rc7 Rc6 41.a4+ Ka5 42.Re7 Rd6
43.Bc5 Rg6 44.Re5 Bc6 45.Be3+ Bb5 46.axb5 axb5 47.c4 f4 48.Rxb5+ Ka6 49.Bxf4 Rf6
50.Ke3 Rc6 51.Kd4 Rf6 52.Ke3 Rc6 53.Kd4 Rf6 54.Be5 Rf5 55.Rd5 h5 56.Kc5 Rf7
57.Rd6+ Kb7 58.Rh6  1-0

[Event "58th TCh m 1st Div"]
[Site "Borovets BUL"]
[Date "2008.10.01"]
[Round "1"]
[White "Badev,K"]
[Black "Kozhuharov,S"]
[Result "1/2-1/2"]
[WhiteElo "2324"]
[BlackElo "2424"]

1.e4 c5 2.Nf3 d6 3.d4 Nf6 4.Nc3 cxd4 5.Nxd4 Nc6 6.Bg5 e6 7.Qd2 a6 8.O-O-O Bd7
9.f3 Be7 10.h4 h6 11.Be3 h5 12.Kb1 Qc7 13.Be2 Ne5 14.f4 Neg4 15.Bxg4 Nxg4
16.f5 Nxe3 17.Qxe3 Qc5 18.fxe6 fxe6 19.Qg3 O-O 20.Nf3 Qe3 21.Rd3 Qf4 22.Qg6 Qh6
23.Qxh6 gxh6 24.Ne5 Be8 25.Nc4 Rd8 26.Rhd1 Bxh4 27.Nxd6 Bc6 28.a4 Bf6 29.b4 Bxc3
30.Rxc3 Bxe4 31.Rc7 Bxg2 32.Rg1 Rf1+ 33.Rxf1 Bxf1 34.Nxb7 Rb8 35.b5 h4 36.Nc5 Bxb5
37.axb5 Rxb5+ 38.Ka2 h3 39.Ne4 h2 40.Rd7 h1=Q 41.Nf6+  1/2-1/2

[Event "ch-Commonwealth"]
[Site "Nagpur IND"]
[Date "2008.10.01"]
[Round "5"]
[White "Devangi,P"]
[Black "Shweta,G"]
[Result "1-0"]
[WhiteElo "2028"]
[BlackElo "1784"]

1.e4 c5 2.Nf3 Nc6 3.d4 cxd4 4.Nxd4 Nf6 5.Nc3 d6 6.Bg5 e6 7.Qd2 Be7 8.O-O-O a6
9.Kb1 Qc7 10.f4 Bd7 11.Bh4 Rc8 12.Bxf6 gxf6 13.g4 Nxd4 14.Qxd4 e5 15.Qg1 Rg8
16.f5 b5 17.Bd3 Bc6 18.Qg3 h5 19.Qh4 hxg4 20.Rhg1 Kd7 21.Rxg4 Rh8 22.Qg3 Qb7
23.Be2 Rh6 24.h4 b4 25.Nd5 Rhh8 26.Rg7 Rcf8 27.h5 Bb5 28.Bg4 Bc4 29.Qe3 Bxd5
30.Rxd5 Rfg8 31.h6 Qb8 32.Be2 Rxg7 33.hxg7 Rh7 34.b3 Rxg7 35.Bxa6 Ke8 36.Rb5 Qa8
37.Bb7 Qd8 38.Bc6+ Kf8 39.Qa7 Kg8 40.Rb8 Qxb8 41.Qxb8+ Bf8 42.Bd5 Rg1+ 43.Kb2 Rg4
44.Qe8 Rg7 45.a4 bxa3+ 46.Kxa3 Rh7 47.b4 Rg7 48.b5 Rh7 49.b6 Rg7 50.b7 Kh7
51.Qxf8 Rg8 52.Qxg8+ Kxg8 53.b8=Q+  1-0